000 00625nam a2200193Ia 4500
005 20260120124435.0
008 008 260114s9999 xx 000 0 eng d
020 _a9781787698949
037 _aEBOOK
040 _aCRL
_beng
_cCRL
041 _aeng
_2eng
084 _qCRL
245 0 _aProfessional Learning Networks: Facilitating Transformation in Diverse Contexts with Equity-seeking Communities
260 _bEmerald Publishing
_c2020
700 _aLeyton Schnellert
_9906452
856 _uhttps://www.emerald.com/insight/publication/doi/10.1108/9781787698918
942 _cEBOOK
999 _c1498138
_d1498138